MTG NCERT FINGERTIPS-CLASS-9 (Record no. 12471)

MARC details
000 -LEADER
fixed length control field 00276nam a22000977a 4500
008 - FIXED-LENGTH DATA ELEMENTS--GENERAL INFORMATION
fixed length control field 231128b |||||||| |||| 00| 0 eng d
020 ## - INTERNATIONAL STANDARD BOOK NUMBER
International Standard Book Number 9789355558466
100 ## - MAIN ENTRY--PERSONAL NAME
Personal name MTG Learning Media
9 (RLIN) 7727
245 ## - TITLE STATEMENT
Title MTG NCERT FINGERTIPS-CLASS-9
260 ## - PUBLICATION, DISTRIBUTION, ETC. (IMPRINT)
Place of publication, distribution, etc. New Delhi
Name of publisher, distributor, etc. MTG Learning Media
Date of publication, distribution, etc. 2024
Holdings
Withdrawn status Lost status Source of classification or shelving scheme Damaged status Koha normalized classification for sorting Not for loan Home library Current library Shelving location Date acquired Total Checkouts Total Renewals Full call number Barcode Date last seen Date last checked out Price effective from Koha item type
    Dewey Decimal Classification   MTG_420_000000000000000   Good Samaritan School Library Good Samaritan School Library English 11/28/2023 5 3 MTG420 MTG17745 03/05/2024 03/01/2024 11/28/2023 BOOK

Powered by Koha